000 00288nam a22001337a 4500
008 171025b xxu||||| |||| 00| 0 eng d
020 _a0205104517
041 _aeng
080 _a311
100 _a55
101 _aSTA
245 _aESSENTILAS STATISTICS
_cOLSON.CH.L
942 _2udc
_cBK
999 _c35888
_d35888